000 00472nam a2200145Ia 4500
003 GCL
008 140319s9999 xx 000 0 ara d
040 _aGCL /
_cGCL
082 0 4 _a239
_bع م
100 1 _aعبدالاحد داوود
245 1 0 _aمحمد (صلى الله عليه وسلم) كما ورد فى كتاب اليهود والنصارى /
_cعبدالاحد داوود
490 _a100 قصة
_v0
650 0 4 _aالسيرة النبوية
942 _2ddc
_cBK
999 _c43719
_d43719